El manejo sostenible del suelo, clave para adaptarnos al cambio climático (Registro nro. 20280)

Detalles MARC
000 -CABECERA
Campo de control 01129nam a22002777a 4500
005 - FECHA Y HORA DE LA ULTIMA TRANSACCION
Campo de control 20180803151421.0
008 - ELEMENTOS DE LONGITUD FIJA—INFORMACION GENERAL
Campo de control 180803b2017 ck ||||| |||| 00| 0 spa d
020 ## - ISBN
ISBN 9789588753430
040 ## - FUENTE DE CATALOGACIÓN
Agencia catalogadora original CO-BoIAVH
Agencia transcriptora CO-BoIAVH
041 ## - IDIOMA
Código de idioma para texto/pista de sonido o título separado Español
044 ## - PAÍS DE PUBLICACIÓN
País de publicación Colombia
082 ## - NUMERO DE CLASIFICACION DECIMAL DEWEY
Número de clasificación 333.7314
Número del ítem P46e
100 ## - ASIENTO PRINCIPAL--NOMBRE PERSONAL
Nombre personal Peñuela, Lourdes
Término relacionado editora
9 (RLIN) 92103
245 10 - MENCION DE TITULO
Título El manejo sostenible del suelo, clave para adaptarnos al cambio climático
260 ## - PUBLICACION, DISTRIBUCION, ETC. (PIE DE IMPRENTA)
Lugar de publicación, distribución, etc. Bogotá:
Nombre del editor, distribuidor, etc. Fundación Natura,,
-- Fundación Horizonte Verde,
-- Ecopetrol.
Fecha de publicación, distribución, etc. 2017.
300 ## - DESCRIPCION FISICA
Extensión 142 páginas:
Otros detalles físicos fotografías a color, tablas;
Dimensiones 28 x 21cm
500 ## - NOTA GENERAL
Nota general El manejo sostenible del suelo, clave para adaptarnos al cambio climático implementación al cambio climático, con productores ganaderos entre las cuencas de los ríos Guachiria y Ariporo en Casanare
650 26 - ASIENTO SECUNDARIO DE MATERIA - TERMINO TEMATICO
Término temático o nombre geográfico como elemento de entrada Suelo
Subdivisión general Plantas
9 (RLIN) 92177
650 26 - ASIENTO SECUNDARIO DE MATERIA - TERMINO TEMATICO
Término temático o nombre geográfico como elemento de entrada Suelo
Subdivisión general Animales
9 (RLIN) 92178
650 26 - ASIENTO SECUNDARIO DE MATERIA - TERMINO TEMATICO
Término temático o nombre geográfico como elemento de entrada Sabana inundable
9 (RLIN) 92179
650 26 - ASIENTO SECUNDARIO DE MATERIA - TERMINO TEMATICO
Término temático o nombre geográfico como elemento de entrada Ganaderia
9 (RLIN) 92180
650 26 - ASIENTO SECUNDARIO DE MATERIA - TERMINO TEMATICO
Término temático o nombre geográfico como elemento de entrada Recursos naturales
Subdivisión general Conservación
9 (RLIN) 92181
700 ## - ASIENTO SECUNDARIO - NOMBRE PERSONAL
Nombre personal Segura, Gustavo
Término de relación editor
9 (RLIN) 92115
700 ## - ASIENTO SECUNDARIO - NOMBRE PERSONAL
Nombre personal Mejia, Anyela
Término de relación editora
9 (RLIN) 92132
942 ## - ELEMENTOS ADICIONALES (KOHA)
Sistema de clasificación Dewey Decimal Classification
Tipo de ítem Libro
Existencias
Withdrawn status Lost status Sistema de Clasificación Damaged status No para préstamo Colección Ubicación Permanente Ubicación actual Fecha de adquisición Total Checkouts Número topográfico Inventario / Código de Barras Date last seen Ejemplar Price effective from Forma de adquisición Tipo de material
    Dewey Decimal Classification     General Bogotá Bogotá 03/08/2018   LB-333.7314 P46e 042537 03/08/2018 Ej. 1 03/08/2018 Donación Libro